Cyrkowe zwierzę - Statystyki

Ogólne statystyki
  • Ten quiz został rozwiązany 116 razy
  • Średni wynik to 4 z 7
Statystyki odpowiedzi
Odpowiedź % Poprawnych
Lew
89%
Słoń
85%
Tygrys
84%
Pies
62%
Wielbłąd
34%
Wąż
29%
Małpka
18%
Nie znaleziono quizów pasujących do podanych kryteriów
Rozkład punktacji
Procent ludzi z każdym wynikiem
Percentyl według liczby udzielonych odpowiedzi
Twoja historia wyników
Nie rozwiązałeś tego quizu